Catálogo
 En Linea

Descripción topográfica, física, civil, política e histórica de la parte francesa de la isla de Santo Domingo / (Registro nro. 29521)

Detalles MARC
000 -CABECERA
campo de control de longitud fija 02111nam a2200361 i 4500
001 - NÚMERO DE CONTROL
campo de control 000030029
003 - IDENTIFICADOR DEL NÚMERO DE CONTROL
campo de control DO-SdBNP
005 - FECHA Y HORA DE LA ÚLTIMA TRANSACCIÓN
campo de control 20240503151638.0
007 - CAMPO FIJO DE DESCRIPCIÓN FÍSICA--INFORMACIÓN GENERAL
campo de control de longitud fija ta
008 - DATOS DE LONGITUD FIJA--INFORMACIÓN GENERAL
campo de control de longitud fija 110428s2017 dr 000 0 spa d
020 ## - NÚMERO INTERNACIONAL ESTÁNDAR DEL LIBRO
Número Internacional Estándar del Libro 9789945586107 v.1
020 ## - NÚMERO INTERNACIONAL ESTÁNDAR DEL LIBRO
Número Internacional Estándar del Libro 9789945586114 v.2
040 ## - FUENTE DE LA CATALOGACIÓN
Centro catalogador/agencia de origen DO-SdBNP
Lengua de catalogación spa
Centro/agencia transcriptor BNPHU
Normas de descripción rda
082 #4 - NÚMERO DE LA CLASIFICACIÓN DECIMAL DEWEY
Número de edición 22
100 1# - ENTRADA PRINCIPAL--NOMBRE DE PERSONA
Nombre de persona Moreau Saint-Méry, Médéric Louis Élie de,
Fechas asociadas al nombre 1750-1819
9 (RLIN) 56743
Término indicativo de función/relación autor
245 10 - MENCIÓN DE TÍTULO
Título Descripción topográfica, física, civil, política e histórica de la parte francesa de la isla de Santo Domingo /
Mención de responsabilidad, etc. Médéric Louis Élie Moreau de Saint-Méry ; traducción, Victoria Flórez-Estrada Ponce de León ; revisión del texto, William Capellán Ferreira ; diagramación y diseño, cubierta Harold Frías Maggiolo.
260 ## - PUBLICACIÓN, DISTRIBUCIÓN, ETC.
Lugar de publicación, distribución, etc. Santo Domingo :
264 ## - PRODUCCIÓN, PUBLICACIÓN, DISTRIBUCIÓN, FABRICACIÓN Y COPYRIGHT
Producción, publicación, distribución, fabricación y copyright Santo Domingo :
Nombre del de productor, editor, distribuidor, fabricante Archivo General de la Nación,
Fecha de producción, publicación, distribución, fabricación o copyright 2017.
300 ## - DESCRIPCIÓN FÍSICA
Extensión 2 volumenes :
Otras características físicas ilustraciones,
Dimensiones 27 cm.
336 ## - TIPO DE CONTENIDO
Fuente rdacontent
Término de tipo de contenido texto
Código de tipo de contenido txt
337 ## - TIPO DE MEDIO
Fuente rdamedia
Nombre/término del tipo de medio sin mediación
Código del tipo de medio n
338 ## - TIPO DE SOPORTE
Fuente rdacarrier
Nombre/término del tipo de soporte volumen
Código del tipo de soporte nc
490 ## - MENCIÓN DE SERIE
Mención de serie Archivo General de la Nación ;
Designación de volumen o secuencia 305
500 ## - NOTA GENERAL
Nota general Incluye datos biográficos del autor en las solapas
500 ## - NOTA GENERAL
Nota general Incluye referencias bibliográficas y notas al pie de las páginas e índice onomástico
505 0# - NOTA DE CONTENIDO CON FORMATO
Nota de contenido con formato Presentación--
Título Sobre la vida de Saint-Méry y su descripción --
Información miscelánea Volumen 1--
Título Descripción topográfica, física, civil, política e histórica de la parte francesa de la isla de Santo Domingo--
-- Número y naturaleza de los asentamientos de la parte francesa de Santo Domingo-
-- índice onomástico.
505 0# - NOTA DE CONTENIDO CON FORMATO
Nota de contenido con formato Lista de suscriptores--
Título Advertencia--
-- Lista cronológica--
-- Traducción de las inscripciones latinas contenidas en esta obra--
-- Itinerrio--
Información miscelánea Volumen 2--
Título Descripción topográfica, física, civil, política e histórica de la parte francesa de la isla de Santo Domingo.
590 ## - NOTA LOCAL (RLIN)
Nota local Inventariado, 2021/BT
700 1# - PUNTO DE ACCESO ADICIONAL--NOMBRE DE PERSONA
Nombre de persona Flores-Estrada Ponce de León, Victoria,
Término indicativo de función/relación traducción
9 (RLIN) 80535
700 1# - PUNTO DE ACCESO ADICIONAL--NOMBRE DE PERSONA
Nombre de persona Capellán Ferreira, William,
Término indicativo de función/relación revisión del texto
9 (RLIN) 81863
910 ## - DATOS DE OPCIÓN DEL USUARIO (OCLC)
Datos de opción del usuario Btavárez
942 ## - ELEMENTOS DE PUNTO DE ACCESO ADICIONAL (KOHA)
Fuente del sistema de clasificación o colocación Dewey Decimal Classification
Tipo de ítem Koha Libro
Existencias
Estado de retiro Estado de pérdida Fuente del sistema de clasificación o colocación Restricciones de uso No para préstamo Código de colección Localización permanente Ubicación/localización actual Ubicación en estantería Fecha de adquisición Fuente de adquisición Signatura topográfica completa Código de barras Fecha visto por última vez Número de copia Precio válido a partir de Tipo de ítem Koha Total de préstamos Nota pública
    Dewey Decimal Classification Excluido de préstamo   Patrimonio Dominicano Biblioteca Nacional Pedro Henríquez Ureña Biblioteca Nacional Pedro Henríquez Ureña En catalogación 28.04.2011 Donación BNPHU PD 30029-10 25.06.2020 v.1 25.06.2020 Libro    
    Dewey Decimal Classification Excluido de préstamo   Patrimonio Dominicano Biblioteca Nacional Pedro Henríquez Ureña Biblioteca Nacional Pedro Henríquez Ureña En catalogación 28.04.2011 Donación BNPHU PD 30029-20 25.06.2020 v. 2 25.06.2020 Libro    
    Dewey Decimal Classification Excluido de préstamo   Patrimonio Dominicano Biblioteca Nacional Pedro Henríquez Ureña Biblioteca Nacional Pedro Henríquez Ureña En catalogación 10.01.2023 Donación BNPHU PD 2023-0031 10.01.2023 v.2, e.2 10.01.2023 Libro    
    Dewey Decimal Classification Préstamo en sala   Dominicana de Servicio Biblioteca Nacional Pedro Henríquez Ureña Biblioteca Nacional Pedro Henríquez Ureña En catalogación 17.04.2024 Donación BNPHU PD 2024-2321 17.04.2024 v.2, e. 3 17.04.2024 Libro    
    Dewey Decimal Classification Excluido de préstamo   Patrimonio Dominicano Biblioteca Nacional Pedro Henríquez Ureña Biblioteca Nacional Pedro Henríquez Ureña En catalogación 03.05.2024 Donación BNPHU PD 2024-2773 03.05.2024 v.1, e.2 03.05.2024 Libro   Perteneció a la biblioteca personal de Emilio Cordero Michel.

Con tecnología Koha